000 01009nam a2200205Ii 4500
003 JO-AjNU
008 230605s9999||||xx |||||||||||||| ||und||
040 _aJO-AjNU
_bara
_erda
_cJO-AjNU
041 _aara
050 1 4 _aLB1028 .V312 2007
100 3 _aتأليف فان دالين، ديوبولد ب ؛ ترجمة محمد نبيل نوفل، ترجمة سلمان الخضري الشيخ، ترجمة طلعت منصور غبريال ؛ مراجعة سيد أحمد عثمان,
_eauthor
_946660
245 0 0 _aمناهج البحث في التربية وعلم النفس
250 _aط2
264 3 1 _aالقاهرة: مكتبة الانجلو المصرية، 2007
300 _a722ص
_bيشتمل على ارجاعات ببيلوغرافية
336 _atext
_btxt
_2rdacontent
337 _aunmediated
_bn
_2rdamedia
338 _avolume
_bnc
_2rdacarrier
650 4 _aالتربية - مناهج بحث - علم نفس - مناهج بحث - علم نفس تربوي - مناهج بحث
_946661
999 _aA20316
_c23884
_d23884